000
00275nam a22001217a 4500
008
180914b xxu||||| |||| 00| 0 eng d
041
_a
eng
080
_a
574
100
_a
9
101
_a
MJE
245
_a
First Principles Of Agriculture
_c
Mayne.g
942
_2
udc
_c
BK
999
_c
47745
_d
47745